Loading...
History - World History | 0 | 6 | 1 | 0 | 55 | 40 | 61.83 | 2 | 6 |
History - American History | 0 | 5 | 1 | 1 | 45 | 39 | 69.40 | 1 | 4 |
Religion | 0 | 3 | 0 | 2 | 30 | 77 | 110.33 | 1 | 1 |
Literature - American Literature | 0 | 3 | 0 | 1 | 30 | 64 | 90.67 | 1 | 2 |
Social Science | 0 | 2 | 0 | 0 | 20 | 84 | 88.50 | 0 | 0 |
Fine Arts - Visual Fine Arts | 0 | 2 | 0 | 1 | 20 | 66 | 101.00 | 0 | 1 |
Fine Arts - Classical Music | 0 | 2 | 0 | 1 | 20 | 121 | 127.50 | 0 | 0 |
History - European History | 0 | 2 | 1 | 0 | 15 | 72 | 91.00 | 1 | 2 |
Fine Arts - Other Fine Arts | 0 | 1 | 0 | 0 | 10 | 80 | 80.00 | 1 | 1 |
Geography/Current Events | 0 | 1 | 0 | 1 | 10 | 133 | 133.00 | 0 | 0 |
Literature - European Literature | 0 | 1 | 0 | 0 | 10 | 78 | 78.00 | 1 | 1 |
Mythology | 0 | 1 | 0 | 0 | 10 | 45 | 45.00 | 0 | 1 |
History - Other History | 0 | 2 | 3 | 0 | 5 | 90 | 91.00 | 0 | 0 |
Science - Other Science | 0 | 0 | 1 | 0 | -5 | 0.00 | 0 | 0 | |
Philosophy | 0 | 0 | 1 | 0 | -5 | 0.00 | 0 | 0 |